[Event "DEM U16 2025"]
[Site "Willingen GER"]
[Date "2025.06.10"]
[Round "4"]
[White "Helms, Finn"]
[Black "Burkart, Lloyd Shang"]
[Result "1/2-1/2"]
[Termination "normal"]
[Board "10"]
[WhiteElo "2153"]
[BlackElo "2082"]
[WhiteClock "00:07:15"]
[BlackClock "00:05:57"]
[PlyCount "183"]
[WhiteFideId "16249143"]
[BlackFideId "16239059"]
[EventCountry "GER"]
[EventRounds "9"]
[EventType "swiss"]
[EventDate "2025.06.07"]

1. e4 {[%clk 01:30:59]} {[%emt 00:00:01]} c5 {[%clk 01:30:56]} {[%emt
00:00:04]} 2. Nf3 {[%clk 01:31:25]} {[%emt 00:00:04]} d6 {[%clk 01:31:23]}
{[%emt 00:00:02]} 3. d4 {[%clk 01:31:51]} {[%emt 00:00:05]} cxd4 {[%clk
01:31:49]} {[%emt 00:00:03]} 4. Nxd4 {[%clk 01:32:17]} {[%emt 00:00:04]} Nf6
{[%clk 01:32:16]} {[%emt 00:00:03]} 5. Nc3 {[%clk 01:32:27]} {[%emt 00:00:20]}
a6 {[%clk 01:32:30]} {[%emt 00:00:16]} 6. f3 {[%clk 01:32:10]} {[%emt
00:00:47]} e5 {[%clk 01:31:48]} {[%emt 00:01:11]} 7. Nb3 {[%clk 01:32:25]}
{[%emt 00:00:15]} Be6 {[%clk 01:32:06]} {[%emt 00:00:12]} 8. Be3 {[%clk
01:32:35]} {[%emt 00:00:20]} h5 {[%clk 01:31:58]} {[%emt 00:00:38]} 9. Nd5
{[%clk 01:31:32]} {[%emt 00:01:33]} Bxd5 {[%clk 01:31:22]} {[%emt 00:01:07]}
10. exd5 {[%clk 01:31:50]} {[%emt 00:00:12]} Nbd7 {[%clk 01:31:01]} {[%emt
00:00:50]} 11. Be2 {[%clk 01:25:10]} {[%emt 00:07:11]} g6 {[%clk 01:30:01]}
{[%emt 00:01:30]} 12. Qd2 {[%clk 01:21:36]} {[%emt 00:04:03]} Bg7 {[%clk
01:27:40]} {[%emt 00:02:51]} 13. O-O {[%clk 01:19:18]} {[%emt 00:02:49]} b6
{[%clk 01:26:41]} {[%emt 00:01:29]} 14. Nc1 {[%clk 01:03:40]} {[%emt 00:16:08]}
O-O {[%clk 01:22:23]} {[%emt 00:04:48]} 15. c4 {[%clk 00:59:47]} {[%emt
00:04:23]} Re8 {[%clk 01:18:53]} {[%emt 00:04:00]} 16. Rb1 {[%clk 00:57:48]}
{[%emt 00:02:29]} Qc7 {[%clk 00:58:11]} {[%emt 00:21:12]} 17. b4 {[%clk
00:48:53]} {[%emt 00:09:24]} e4 {[%clk 00:54:42]} {[%emt 00:03:59]} 18. Nb3
{[%clk 00:39:45]} {[%emt 00:09:38]} exf3 {[%clk 00:52:53]} {[%emt 00:02:20]}
19. gxf3 {[%clk 00:37:44]} {[%emt 00:02:31]} Rad8 {[%clk 00:30:36]} {[%emt
00:22:47]} 20. Rbc1 {[%clk 00:37:06]} {[%emt 00:01:08]} Ne5 {[%clk 00:29:25]}
{[%emt 00:01:40]} 21. Rfd1 {[%clk 00:33:55]} {[%emt 00:03:41]} Qb7 {[%clk
00:20:57]} {[%emt 00:08:57]} 22. a4 {[%clk 00:30:17]} {[%emt 00:04:09]} Kh7
{[%clk 00:20:49]} {[%emt 00:00:39]} 23. Bg5 {[%clk 00:29:48]} {[%emt 00:00:58]}
Rc8 {[%clk 00:15:59]} {[%emt 00:05:21]} 24. Be3 {[%clk 00:24:08]} {[%emt
00:06:10]} Rcd8 {[%clk 00:15:48]} {[%emt 00:00:41]} 25. Kg2 {[%clk 00:23:11]}
{[%emt 00:01:27]} Rc8 {[%clk 00:13:07]} {[%emt 00:03:10]} 26. Nd4 {[%clk
00:18:06]} {[%emt 00:05:35]} Qd7 {[%clk 00:10:11]} {[%emt 00:03:26]} 27. b5
{[%clk 00:17:20]} {[%emt 00:01:17]} a5 {[%clk 00:09:45]} {[%emt 00:00:56]} 28.
Re1 {[%clk 00:16:57]} {[%emt 00:00:53]} Re7 {[%clk 00:05:55]} {[%emt 00:04:20]}
29. Bg5 {[%clk 00:16:23]} {[%emt 00:01:04]} Ree8 {[%clk 00:05:34]} {[%emt
00:00:51]} 30. h3 {[%clk 00:16:10]} {[%emt 00:00:42]} Qc7 {[%clk 00:02:39]}
{[%emt 00:03:25]} 31. Nc6 {[%clk 00:14:00]} {[%emt 00:02:41]} Qd7 {[%clk
00:00:35]} {[%emt 00:02:33]} 32. Qc2 {[%clk 00:10:15]} {[%emt 00:04:15]} Qc7
{[%clk 00:00:35]} {[%emt 00:00:31]} 33. Bd3 {[%clk 00:07:14]} {[%emt 00:03:30]}
Qd7 {[%clk 00:00:38]} {[%emt 00:00:27]} 34. Bf1 {[%clk 00:04:35]} {[%emt
00:03:09]} Qc7 {[%clk 00:00:37]} {[%emt 00:00:31]} 35. Re2 {[%clk 00:03:23]}
{[%emt 00:01:42]} Nxc6 {[%clk 00:00:36]} {[%emt 00:00:32]} 36. bxc6 {[%clk
00:03:36]} {[%emt 00:00:17]} Rxe2+ {[%clk 00:00:42]} {[%emt 00:00:24]} 37. Qxe2
{[%clk 00:02:13]} {[%emt 00:01:53]} Re8 {[%clk 00:01:06]} {[%emt 00:00:06]} 38.
Qf2 {[%clk 00:01:35]} {[%emt 00:01:07]} Re5 {[%clk 00:00:38]} {[%emt 00:00:57]}
39. Bf4 {[%clk 00:01:17]} {[%emt 00:00:49]} Rf5 {[%clk 00:01:01]} {[%emt
00:00:08]} 40. Qe3 {[%clk 00:00:39]} {[%emt 00:01:07]} h4 {[%clk 00:00:34]}
{[%emt 00:00:57]} 41. Bd3 {[%clk 00:28:39]} {[%emt 00:02:30]} Rh5 {[%clk
00:28:09]} {[%emt 00:02:56]} 42. Rb1 {[%clk 00:26:53]} {[%emt 00:02:16]} Nxd5
{[%clk 00:26:59]} {[%emt 00:01:39]} 43. cxd5 {[%clk 00:26:09]} {[%emt
00:01:15]} Rxd5 {[%clk 00:27:27]} {[%emt 00:00:02]} 44. Be4 {[%clk 00:25:10]}
{[%emt 00:01:28]} Rc5 {[%clk 00:27:25]} {[%emt 00:00:31]} 45. Qd3 {[%clk
00:21:26]} {[%emt 00:04:14]} Be5 {[%clk 00:26:56]} {[%emt 00:00:59]} 46. Bxe5
{[%clk 00:20:00]} {[%emt 00:01:56]} Rxe5 {[%clk 00:27:15]} {[%emt 00:00:11]}
47. f4 {[%clk 00:18:26]} {[%emt 00:02:05]} Rc5 {[%clk 00:26:01]} {[%emt
00:01:43]} 48. Rf1 {[%clk 00:09:13]} {[%emt 00:09:43]} Kg7 {[%clk 00:16:44]}
{[%emt 00:09:47]} 49. Qd4+ {[%clk 00:08:50]} {[%emt 00:00:54]} f6 {[%clk
00:15:55]} {[%emt 00:01:19]} 50. Rd1 {[%clk 00:08:55]} {[%emt 00:00:25]} Qe7
{[%clk 00:15:58]} {[%emt 00:00:26]} 51. Bf3 {[%clk 00:08:41]} {[%emt 00:00:44]}
d5 {[%clk 00:15:36]} {[%emt 00:00:52]} 52. Qd2 {[%clk 00:07:37]} {[%emt
00:01:34]} Rxc6 {[%clk 00:13:12]} {[%emt 00:02:54]} 53. Qxd5 {[%clk 00:07:46]}
{[%emt 00:00:21]} Rc7 {[%clk 00:12:14]} {[%emt 00:01:29]} 54. Qd4 {[%clk
00:06:24]} {[%emt 00:01:51]} Qe6 {[%clk 00:09:43]} {[%emt 00:03:02]} 55. Rd2
{[%clk 00:04:58]} {[%emt 00:01:56]} Qf5 {[%clk 00:05:23]} {[%emt 00:04:49]} 56.
Bg4 {[%clk 00:03:03]} {[%emt 00:02:25]} Qc5 {[%clk 00:05:42]} {[%emt 00:00:12]}
57. Qxc5 {[%clk 00:02:59]} {[%emt 00:00:34]} Rxc5 {[%clk 00:06:08]} {[%emt
00:00:03]} 58. Rd7+ {[%clk 00:02:40]} {[%emt 00:00:49]} Kh6 {[%clk 00:06:14]}
{[%emt 00:00:24]} 59. Rd6 {[%clk 00:02:34]} {[%emt 00:00:36]} f5 {[%clk
00:03:38]} {[%emt 00:03:07]} 60. Be2 {[%clk 00:02:26]} {[%emt 00:00:37]} Rc2
{[%clk 00:03:32]} {[%emt 00:00:36]} 61. Kf2 {[%clk 00:02:29]} {[%emt 00:00:26]}
Ra2 {[%clk 00:03:25]} {[%emt 00:00:37]} 62. Rd4 {[%clk 00:02:07]} {[%emt
00:00:53]} Ra3 {[%clk 00:03:26]} {[%emt 00:00:29]} 63. Bd3 {[%clk 00:02:02]}
{[%emt 00:00:35]} Kg7 {[%clk 00:03:13]} {[%emt 00:00:42]} 64. Ke3 {[%clk
00:02:16]} {[%emt 00:00:17]} Kh7 {[%clk 00:02:52]} {[%emt 00:00:51]} 65. Rc4
{[%clk 00:02:11]} {[%emt 00:00:35]} Ra1 {[%clk 00:02:45]} {[%emt 00:00:37]} 66.
Rc7+ {[%clk 00:02:15]} {[%emt 00:00:26]} Kh8 {[%clk 00:03:00]} {[%emt
00:00:13]} 67. Rc6 {[%clk 00:01:11]} {[%emt 00:01:36]} Kg7 {[%clk 00:03:16]}
{[%emt 00:00:14]} 68. Rxb6 {[%clk 00:00:52]} {[%emt 00:00:50]} Rxa4 {[%clk
00:03:39]} {[%emt 00:00:06]} 69. Rb7+ {[%clk 00:01:17]} {[%emt 00:00:06]} Kh6
{[%clk 00:03:37]} {[%emt 00:00:32]} 70. Bc2 {[%clk 00:00:52]} {[%emt 00:00:55]}
Ra3+ {[%clk 00:03:36]} {[%emt 00:00:30]} 71. Bd3 {[%clk 00:00:39]} {[%emt
00:00:43]} Ra4 {[%clk 00:04:05]} 72. Rc7 {[%clk 00:01:01]} {[%emt 00:00:08]}
Rb4 {[%clk 00:03:21]} {[%emt 00:01:14]} 73. Bc4 {[%clk 00:01:20]} {[%emt
00:00:11]} Rb1 {[%clk 00:03:12]} {[%emt 00:00:39]} 74. Bg8 {[%clk 00:01:16]}
{[%emt 00:00:34]} g5 {[%clk 00:03:35]} {[%emt 00:00:07]} 75. fxg5+ {[%clk
00:00:40]} {[%emt 00:01:07]} Kxg5 {[%clk 00:04:00]} {[%emt 00:00:05]} 76. Rg7+
{[%clk 00:01:00]} {[%emt 00:00:09]} Kf6 {[%clk 00:03:45]} {[%emt 00:00:44]} 77.
Rf7+ {[%clk 00:01:22]} {[%emt 00:00:09]} Ke5 {[%clk 00:03:07]} {[%emt
00:01:08]} 78. Rxf5+ {[%clk 00:01:47]} {[%emt 00:00:05]} Kxf5 {[%clk 00:03:25]}
{[%emt 00:00:12]} 79. Bh7+ {[%clk 00:02:15]} {[%emt 00:00:02]} Kf6 {[%clk
00:03:45]} {[%emt 00:00:09]} 80. Bxb1 {[%clk 00:02:44]} {[%emt 00:00:03]} a4
{[%clk 00:02:38]} {[%emt 00:01:36]} 81. Kf4 {[%clk 00:03:08]} {[%emt 00:00:06]}
a3 {[%clk 00:03:06]} {[%emt 00:00:03]} 82. Ba2 {[%clk 00:03:34]} {[%emt
00:00:04]} Kg6 {[%clk 00:03:15]} {[%emt 00:00:21]} 83. Kg4 {[%clk 00:04:01]}
{[%emt 00:00:03]} Kf6 {[%clk 00:03:25]} {[%emt 00:00:19]} 84. Kxh4 {[%clk
00:04:26]} {[%emt 00:00:06]} Kg6 {[%clk 00:03:50]} {[%emt 00:00:03]} 85. Kg4
{[%clk 00:04:53]} {[%emt 00:00:04]} Kh6 {[%clk 00:04:04]} {[%emt 00:00:16]} 86.
h4 {[%clk 00:05:21]} {[%emt 00:00:02]} Kg6 {[%clk 00:04:26]} {[%emt 00:00:08]}
87. h5+ {[%clk 00:05:49]} {[%emt 00:00:03]} Kh6 {[%clk 00:04:44]} {[%emt
00:00:12]} 88. Kh4 {[%clk 00:06:15]} {[%emt 00:00:04]} Kh7 {[%clk 00:04:47]}
{[%emt 00:00:26]} 89. Kg5 {[%clk 00:06:41]} {[%emt 00:00:03]} Kg7 {[%clk
00:05:14]} {[%emt 00:00:03]} 90. h6+ {[%clk 00:06:50]} {[%emt 00:00:21]} Kh7
{[%clk 00:05:29]} {[%emt 00:00:14]} 91. Kh5 {[%clk 00:07:15]} {[%emt 00:00:06]}
Kh8 {[%clk 00:05:57]} {[%emt 00:00:02]} 92. Kg6 {[%emt 00:00:05]} 1/2-1/2

[Event "DEM U16 2025"]
[Site "Willingen GER"]
[Date "2025.06.10"]
[Round "4"]
[White "Bangert, Jonas"]
[Black "Weber, Nikita"]
[Result "1/2-1/2"]
[Termination "normal"]
[Board "11"]
[WhiteElo "1969"]
[BlackElo "2074"]
[WhiteClock "00:00:46"]
[BlackClock "00:34:13"]
[PlyCount "47"]
[WhiteFideId "16289650"]
[BlackFideId "34608770"]
[EventCountry "GER"]
[EventRounds "9"]
[EventType "swiss"]
[EventDate "2025.06.07"]

1. d4 {[%clk 01:30:56]} {[%emt 00:00:04]} Nf6 {[%clk 01:30:59]} {[%emt
00:00:02]} 2. c4 {[%clk 01:31:05]} {[%emt 00:00:21]} e6 {[%clk 01:31:27]}
{[%emt 00:00:01]} 3. Nf3 {[%clk 01:31:18]} {[%emt 00:00:18]} Bb4+ {[%clk
01:31:55]} {[%emt 00:00:01]} 4. Bd2 {[%clk 01:30:43]} {[%emt 00:01:05]} Qe7
{[%clk 01:32:24]} {[%emt 00:00:02]} 5. a3 {[%clk 01:22:30]} {[%emt 00:08:44]}
Bxd2+ {[%clk 01:32:50]} {[%emt 00:00:03]} 6. Nbxd2 {[%clk 01:22:26]} {[%emt
00:00:35]} d6 {[%clk 01:33:10]} {[%emt 00:00:10]} 7. e3 {[%clk 01:16:20]}
{[%emt 00:06:37]} e5 {[%clk 01:30:56]} {[%emt 00:02:43]} 8. Be2 {[%clk
01:12:02]} {[%emt 00:04:48]} e4 {[%clk 01:30:28]} {[%emt 00:00:58]} 9. Ng1
{[%clk 01:12:27]} {[%emt 00:00:06]} c6 {[%clk 01:28:36]} {[%emt 00:02:21]} 10.
h4 {[%clk 01:08:24]} {[%emt 00:04:33]} h6 {[%clk 01:24:19]} {[%emt 00:04:47]}
11. Nf1 {[%clk 00:49:33]} {[%emt 00:19:21]} a5 {[%clk 01:08:34]} {[%emt
00:16:15]} 12. f4 {[%clk 00:37:05]} {[%emt 00:12:58]} h5 {[%clk 01:05:22]}
{[%emt 00:03:41]} 13. Ng3 {[%clk 00:25:32]} {[%emt 00:12:04]} Ng4 {[%clk
01:03:40]} {[%emt 00:02:12]} 14. Qd2 {[%clk 00:22:46]} {[%emt 00:03:16]} g6
{[%clk 01:01:36]} {[%emt 00:02:33]} 15. Bxg4 {[%clk 00:21:39]} {[%emt
00:01:38]} Bxg4 {[%clk 01:02:04]} {[%emt 00:00:02]} 16. d5 {[%clk 00:16:49]}
{[%emt 00:05:20]} c5 {[%clk 01:01:07]} {[%emt 00:01:27]} 17. Qc3 {[%clk
00:15:28]} {[%emt 00:01:51]} O-O {[%clk 01:01:04]} {[%emt 00:00:34]} 18. N1e2
{[%clk 00:09:35]} {[%emt 00:06:23]} Nd7 {[%clk 00:57:02]} {[%emt 00:04:31]} 19.
a4 {[%clk 00:08:01]} {[%emt 00:02:04]} Rfe8 {[%clk 00:51:08]} {[%emt 00:06:24]}
20. b3 {[%clk 00:05:29]} {[%emt 00:03:02]} Ra6 {[%clk 00:45:38]} {[%emt
00:06:01]} 21. Qb2 {[%clk 00:01:10]} {[%emt 00:04:49]} f6 {[%clk 00:45:20]}
{[%emt 00:00:47]} 22. Kd2 {[%clk 00:00:55]} {[%emt 00:00:46]} Raa8 {[%clk
00:34:34]} {[%emt 00:11:15]} 23. Raf1 {[%clk 00:01:11]} {[%emt 00:00:14]} f5
{[%clk 00:34:13]} {[%emt 00:00:52]} 24. Nc3 {[%clk 00:00:46]} {[%emt 00:00:54]}
1/2-1/2

[Event "DEM U16 2025"]
[Site "Willingen GER"]
[Date "2025.06.10"]
[Round "4"]
[White "Sreeramulu, Aarush"]
[Black "Schwitkowski, Luka"]
[Result "0-1"]
[Termination "normal"]
[Board "12"]
[WhiteElo "2032"]
[BlackElo "2129"]
[WhiteClock "00:14:48"]
[BlackClock "00:25:21"]
[PlyCount "116"]
[WhiteFideId "34610685"]
[BlackFideId "34610669"]
[EventCountry "GER"]
[EventRounds "9"]
[EventType "swiss"]
[EventDate "2025.06.07"]

1. d4 {[%clk 01:30:56]} {[%emt 00:00:02]} Nf6 {[%clk 01:30:29]} {[%emt
00:00:31]} 2. c4 {[%clk 01:31:20]} {[%emt 00:00:07]} e6 {[%clk 01:30:56]}
{[%emt 00:00:03]} 3. Nc3 {[%clk 01:31:44]} {[%emt 00:00:06]} d5 {[%clk
01:31:14]} {[%emt 00:00:12]} 4. cxd5 {[%clk 01:31:48]} {[%emt 00:00:26]} exd5
{[%clk 01:30:56]} {[%emt 00:00:48]} 5. Bg5 {[%clk 01:32:12]} {[%emt 00:00:07]}
c6 {[%clk 01:31:22]} {[%emt 00:00:03]} 6. e3 {[%clk 01:32:37]} {[%emt
00:00:05]} h6 {[%clk 01:31:48]} {[%emt 00:00:05]} 7. Bh4 {[%clk 01:33:03]}
{[%emt 00:00:03]} Be7 {[%clk 01:32:14]} {[%emt 00:00:05]} 8. Bd3 {[%clk
01:33:21]} {[%emt 00:00:12]} O-O {[%clk 01:32:32]} {[%emt 00:00:12]} 9. Qc2
{[%clk 01:33:46]} {[%emt 00:00:05]} Nbd7 {[%clk 01:32:47]} {[%emt 00:00:15]}
10. Nf3 {[%clk 01:33:54]} {[%emt 00:00:21]} Re8 {[%clk 01:33:10]} {[%emt
00:00:07]} 11. O-O {[%clk 01:34:04]} {[%emt 00:00:19]} Ne4 {[%clk 01:33:23]}
{[%emt 00:00:19]} 12. Bxe7 {[%clk 01:34:25]} {[%emt 00:00:09]} Qxe7 {[%clk
01:33:41]} {[%emt 00:00:11]} 13. b4 {[%clk 01:34:46]} {[%emt 00:00:09]} Ndf6
{[%clk 00:57:02]} {[%emt 00:37:09]} 14. b5 {[%clk 01:31:25]} {[%emt 00:03:51]}
c5 {[%clk 00:55:43]} {[%emt 00:01:49]} 15. dxc5 {[%clk 01:28:47]} {[%emt
00:03:08]} Nxc5 {[%clk 00:55:52]} {[%emt 00:00:21]} 16. Rac1 {[%clk 01:22:16]}
{[%emt 00:07:01]} Nce4 {[%clk 00:41:48]} {[%emt 00:14:32]} 17. Rfd1 {[%clk
01:02:39]} {[%emt 00:20:07]} Bf5 {[%clk 00:38:42]} {[%emt 00:03:37]} 18. Bxe4
{[%clk 00:45:22]} {[%emt 00:17:47]} dxe4 {[%clk 00:32:40]} {[%emt 00:06:32]}
19. Nd4 {[%clk 00:44:29]} {[%emt 00:01:24]} Bd7 {[%clk 00:33:07]} {[%emt
00:00:02]} 20. Qb3 {[%clk 00:42:13]} {[%emt 00:02:46]} Qe5 {[%clk 00:32:35]}
{[%emt 00:01:03]} 21. Nde2 {[%clk 00:30:29]} {[%emt 00:12:13]} Rac8 {[%clk
00:19:48]} {[%emt 00:13:18]} 22. h3 {[%clk 00:23:21]} {[%emt 00:07:37]} g5
{[%clk 00:11:41]} {[%emt 00:08:37]} 23. Nd5 {[%clk 00:19:10]} {[%emt 00:04:42]}
Nxd5 {[%clk 00:09:23]} {[%emt 00:02:48]} 24. Rxc8 {[%clk 00:18:52]} {[%emt
00:00:48]} Rxc8 {[%clk 00:08:58]} {[%emt 00:00:56]} 25. Rxd5 {[%clk 00:19:00]}
{[%emt 00:00:22]} Qe7 {[%clk 00:08:31]} {[%emt 00:00:56]} 26. Qd1 {[%clk
00:16:20]} {[%emt 00:03:10]} Be6 {[%clk 00:06:25]} {[%emt 00:02:37]} 27. Rd6
{[%clk 00:15:45]} {[%emt 00:01:04]} Qc7 {[%clk 00:03:20]} {[%emt 00:03:34]} 28.
Qd4 {[%clk 00:12:03]} {[%emt 00:04:13]} Qc4 {[%clk 00:03:17]} {[%emt 00:00:33]}
29. Rd8+ {[%clk 00:11:40]} {[%emt 00:00:53]} Rxd8 {[%clk 00:03:35]} {[%emt
00:00:12]} 30. Qxd8+ {[%clk 00:12:07]} {[%emt 00:00:03]} Kg7 {[%clk 00:03:28]}
{[%emt 00:00:37]} 31. Ng3 {[%clk 00:12:12]} {[%emt 00:00:25]} Qd3 {[%clk
00:02:38]} {[%emt 00:01:20]} 32. Qb8 {[%clk 00:06:21]} {[%emt 00:06:20]} Qxb5
{[%clk 00:01:25]} {[%emt 00:01:43]} 33. Nh5+ {[%clk 00:06:08]} {[%emt
00:00:43]} Kh7 {[%clk 00:01:54]} 34. Qxa7 {[%clk 00:04:06]} {[%emt 00:02:33]}
Kg6 {[%clk 00:01:17]} {[%emt 00:01:07]} 35. Ng3 {[%clk 00:02:34]} {[%emt
00:02:01]} Qd5 {[%clk 00:00:56]} {[%emt 00:00:52]} 36. Qb8 {[%clk 00:02:09]}
{[%emt 00:00:55]} Kh7 {[%clk 00:00:55]} {[%emt 00:00:31]} 37. a3 {[%clk
00:00:57]} {[%emt 00:01:42]} h5 {[%clk 00:00:52]} {[%emt 00:00:33]} 38. Kh2
{[%clk 00:00:35]} {[%emt 00:00:53]} h4 {[%clk 00:00:52]} {[%emt 00:00:29]} 39.
Nf1 {[%clk 00:00:42]} {[%emt 00:00:23]} Qd1 {[%clk 00:00:48]} {[%emt 00:00:34]}
40. Qxb7 {[%clk 00:00:36]} {[%emt 00:00:37]} Qxf1 {[%clk 00:01:12]} {[%emt
00:00:06]} 41. Qxe4+ {[%clk 00:00:48]} {[%emt 00:00:18]} Kh6 {[%clk 00:00:43]}
{[%emt 00:00:58]} 42. Qf3 {[%clk 00:20:19]} {[%emt 00:10:58]} Qa1 {[%clk
00:27:26]} {[%emt 00:03:48]} 43. e4 {[%clk 00:17:46]} {[%emt 00:03:03]} Qb2
{[%clk 00:26:49]} {[%emt 00:01:06]} 44. a4 {[%clk 00:16:49]} {[%emt 00:01:28]}
Qa1 {[%clk 00:26:20]} {[%emt 00:00:59]} 45. g3 {[%clk 00:15:30]} {[%emt
00:01:49]} hxg3+ {[%clk 00:23:04]} {[%emt 00:03:46]} 46. Qxg3 {[%clk 00:15:10]}
{[%emt 00:00:50]} Qxa4 {[%clk 00:22:24]} {[%emt 00:01:10]} 47. h4 {[%clk
00:15:29]} {[%emt 00:00:11]} Qxe4 {[%clk 00:22:27]} {[%emt 00:00:27]} 48. Qxg5+
{[%clk 00:15:12]} {[%emt 00:00:47]} Kh7 {[%clk 00:22:50]} {[%emt 00:00:07]} 49.
Qh5+ {[%clk 00:15:27]} {[%emt 00:00:15]} Kg7 {[%clk 00:23:04]} {[%emt
00:00:16]} 50. Qg5+ {[%clk 00:15:45]} {[%emt 00:00:12]} Qg6 {[%clk 00:23:07]}
{[%emt 00:00:27]} 51. Qe5+ {[%clk 00:15:57]} {[%emt 00:00:18]} Kh7 {[%clk
00:22:53]} {[%emt 00:00:44]} 52. Qd4 {[%clk 00:16:12]} {[%emt 00:00:15]} Qf5
{[%clk 00:23:08]} {[%emt 00:00:16]} 53. Kg1 {[%clk 00:14:44]} {[%emt 00:01:57]}
Qg4+ {[%clk 00:23:16]} {[%emt 00:00:22]} 54. Qxg4 {[%clk 00:15:09]} {[%emt
00:00:05]} Bxg4 {[%clk 00:23:44]} {[%emt 00:00:02]} 55. Kg2 {[%clk 00:15:31]}
{[%emt 00:00:08]} Kg6 {[%clk 00:24:06]} {[%emt 00:00:08]} 56. Kg3 {[%clk
00:15:49]} {[%emt 00:00:13]} Kf5 {[%clk 00:24:34]} 57. h5 {[%clk 00:14:29]}
{[%emt 00:01:50]} Bxh5 {[%clk 00:25:02]} {[%emt 00:00:02]} 58. Kh4 {[%clk
00:14:48]} {[%emt 00:00:11]} Bg6 {[%clk 00:25:21]} {[%emt 00:00:11]} 0-1

[Event "DEM U16 2025"]
[Site "Willingen GER"]
[Date "2025.06.10"]
[Round "4"]
[White "Riechenberg, Sebastian"]
[Black "Sickmann, Lisa"]
[Result "1-0"]
[Termination "normal"]
[Board "13"]
[BlackTitle "WFM"]
[WhiteElo "2101"]
[BlackElo "1974"]
[WhiteClock "00:25:27"]
[BlackClock "00:31:36"]
[PlyCount "95"]
[WhiteFideId "34605231"]
[BlackFideId "16267818"]
[EventCountry "GER"]
[EventRounds "9"]
[EventType "swiss"]
[EventDate "2025.06.07"]

1. a3 {[%clk 01:30:06]} {[%emt 00:00:53]} e5 {[%clk 01:27:31]} {[%emt
00:03:30]} 2. c4 {[%clk 01:29:41]} {[%emt 00:00:54]} Nf6 {[%clk 01:25:24]}
{[%emt 00:02:37]} 3. d3 {[%clk 01:29:07]} {[%emt 00:01:04]} d5 {[%clk
01:23:55]} {[%emt 00:01:59]} 4. cxd5 {[%clk 01:29:15]} {[%emt 00:00:23]} Nxd5
{[%clk 01:24:15]} {[%emt 00:00:09]} 5. Nf3 {[%clk 01:29:41]} {[%emt 00:00:04]}
Nc6 {[%clk 01:24:30]} {[%emt 00:00:15]} 6. e4 {[%clk 01:29:53]} {[%emt
00:00:18]} Nf6 {[%clk 01:23:46]} {[%emt 00:01:15]} 7. Be2 {[%clk 01:29:35]}
{[%emt 00:00:47]} Be7 {[%clk 01:23:41]} {[%emt 00:00:36]} 8. O-O {[%clk
01:28:59]} {[%emt 00:01:05]} O-O {[%clk 01:19:23]} {[%emt 00:12:07]} 9. b4
{[%clk 01:15:07]} a6 {[%clk 01:09:57]} {[%emt 00:11:44]} 10. Bb2 Bd6 {[%clk
01:05:02]} {[%emt 00:06:59]} 11. Nbd2 Be6 {[%clk 01:01:46]} {[%emt 00:07:36]}
12. Rc1 {[%clk 01:07:59]} Nd7 13. Nc4 {[%clk 01:10:31]} f5 14. Qc2 {[%clk
01:10:31]} Qe7 {[%clk 01:01:46]} 15. Rfe1 {[%clk 01:10:31]} Kh8 {[%clk
01:01:46]} 16. Bc3 {[%clk 01:10:31]} Rae8 {[%clk 01:01:46]} 17. Rcd1 {[%clk
00:39:27]} {[%emt 00:56:09]} Rf7 {[%clk 00:34:07]} {[%emt 00:12:29]} 18. Ne3
{[%clk 00:27:51]} Qf6 {[%clk 00:34:07]} 19. Qb2 {[%clk 00:27:51]} {[%emt
00:14:40]} Ref8 {[%clk 00:30:11]} 20. Bf1 {[%clk 00:21:59]} {[%emt 00:10:49]}
fxe4 {[%clk 00:28:15]} 21. dxe4 {[%clk 00:22:14]} {[%emt 00:02:41]} Qg6 {[%emt
00:01:45]} 22. Nf5 {[%clk 00:20:24]} {[%emt 00:01:13]} Bxf5 {[%clk 00:27:07]}
23. Nh4 {[%clk 00:20:17]} {[%emt 00:02:06]} Qf6 {[%clk 00:15:26]} 24. exf5
{[%clk 00:17:51]} {[%emt 00:15:07]} Qh6 {[%emt 00:02:24]} 25. Re4 {[%emt
00:01:40]} Nd4 {[%clk 00:12:03]} {[%emt 00:02:47]} 26. Bxd4 {[%clk 00:12:00]}
{[%emt 00:04:24]} exd4 {[%clk 00:12:22]} 27. Rdxd4 {[%clk 00:12:00]} Rxf5
{[%clk 00:12:22]} 28. Rxd6 {[%clk 00:12:00]} Qxd6 {[%clk 00:12:22]} 29. Nxf5
{[%clk 00:12:00]} Rxf5 {[%clk 00:12:22]} 30. Re8+ {[%clk 00:08:49]} {[%emt
00:08:06]} Rf8 {[%emt 00:00:20]} 31. Qe2 {[%emt 00:01:07]} Nf6 {[%emt
00:00:48]} 32. Re6 {[%emt 00:01:14]} Qd4 {[%emt 00:01:09]} 33. g3 {[%emt
00:00:34]} h6 {[%clk 00:10:05]} {[%emt 00:01:34]} 34. h3 Qc3 {[%emt 00:02:11]}
35. Re3 {[%emt 00:00:38]} Qa1 {[%clk 00:09:52]} {[%emt 00:00:08]} 36. Qd2
{[%emt 00:08:00]} Re8 {[%emt 00:00:29]} 37. Rxe8+ {[%clk 00:05:23]} {[%emt
00:00:20]} Nxe8 {[%emt 00:00:55]} 38. Qd8 {[%emt 00:01:28]} Qe1 {[%emt
00:00:20]} 39. Qc8 {[%emt 00:01:31]} Qe4 {[%clk 00:02:36]} {[%emt 00:00:10]}
40. Bg2 {[%clk 00:03:19]} {[%emt 00:01:06]} Qe1+ {[%emt 00:00:34]} 41. Kh2
{[%emt 00:01:15]} Kh7 {[%clk 00:02:10]} {[%emt 00:00:30]} 42. Qxb7 {[%clk
00:02:58]} {[%emt 00:00:27]} Nf6 {[%clk 00:01:32]} {[%emt 00:01:08]} 43. Qxa6
{[%clk 00:01:48]} {[%emt 00:01:40]} Qxf2 {[%clk 00:01:40]} {[%emt 00:00:21]}
44. Qd3+ {[%clk 00:02:04]} {[%emt 00:00:15]} g6 {[%clk 00:01:49]} {[%emt
00:00:21]} 45. Qc4 {[%clk 00:00:41]} {[%emt 00:01:54]} h5 {[%clk 00:00:56]}
{[%emt 00:01:23]} 46. Qxc7+ {[%clk 00:01:00]} {[%emt 00:00:11]} Kh8 {[%emt
00:04:12]} 47. Qf4 {[%clk 00:25:11]} {[%emt 00:02:20]} Qb6 {[%clk 00:31:36]}
{[%emt 00:00:08]} 48. a4 {[%clk 00:25:27]} {[%emt 00:00:13]} 1-0